000 00593nam a2200193 4500
005 20241023113310.0
010 _aENG-142275
020 _c279.00
_a9789393734525
035 _aEN-125807
037 _bDBAD
082 _a780.954
100 _aJohn, Obiukwu Chinedu
_973195
245 _aHow to Convert Your Music Into Wealth/
_bObiukwu Chinedu John
250 _aFirst
260 _bExceller Books
_aKolkata
_c2023
270 _aG1, Dream Apartment, Degree College Road, Belgharia
_bKolkata
_e700056
300 _a64p.
_c22cm(pb)
942 _2ddc
_cEN
_h780.954
_mJOH
_e2023
999 _c206596
_d206596